000 00641nam a2200205Ia 4500
001 22369
003 GE_BSU
008 181216s||||||||xx |||||||||||||| ||und||
040 _cGE_BSU
245 _aДипломатическая служба. №1. (76) 2017.
245 _bНаучно-практический журнал
245 _cГл. ред. Винокуров В. И.
260 _aМосква
260 _c2018
300 _a117 стр. 29 см. илл.
653 _aДипломатическая служба. №1. (76) 2017.
653 _aПериодика
653 _aპერიოდიკა
942 _cCR
999 _c55293
_d55293